[Event "AUTO-INT-345"]
[Site "http://www.queenalice.com/game.php?id=168125"]
[Date "2007.2.13"]
[Round "1"]
[White "llanes"]
[Black "maf717"]
[Result "1-0"]
[WhiteElo "1389"]
[BlackElo "1501"]

1. e4 e5 2. c3 h6 3. d4 Qe7 4. Bc4 d6 5. h3 g6 6. d5 Bg7 7. Nf3 Nf6 8. Na3 O-O
9. O-O Nbd7 10. Bd3 a6 11. b4 b5 12. Qe2 Bb7 13. c4 bxc4 14. Bxc4 Nh5 15. Rb1
Nf4 16. Bxf4 exf4 17. b5 axb5 18. Nxb5 Nb6 19. Rfc1 Nxc4 20. Qxc4 c5 21. Nxd6
Qxd6 22. Rxb7 Ra3 23. Rcb1 Kh7 24. Rc1 Bd4 25. Nxd4 cxd4 26. Qxd4 f3 27. g3 h5
28. Rc6 Qd8 29. e5 Rxa2 30. e6 Qa5 31. Rxf7+ Kh6 32. Qf4+ g5 33. Qf6# 1-0

[Event "AUTO-INT-345"]
[Site "http://www.queenalice.com/game.php?id=168126"]
[Date "2007.2.13"]
[Round "1"]
[White "maf717"]
[Black "xavimg"]
[Result "0-1"]
[WhiteElo "1515"]
[BlackElo "1532"]

1. e3 e5 2. g3 d5 3. h3 Nf6 4. Bg2 Nc6 5. Ne2 b6 6. O-O Bb7 7. d4 e4 8. Nbc3 Be7
9. a3 O-O 10. b4 a6 11. Bb2 a5 12. bxa5 Rxa5 13. Nf4 Ra8 14. Nb5 Ba6 15. a4 Na7
16. Qe2 c6 17. c4 cxb5 18. axb5 Bb7 19. cxd5 Nxd5 20. Nh5 g6 21. Bxe4 Nxb5 22.
Rxa8 Qxa8 23. Ra1 Qc8 24. Qxb5 Qxh3 25. Nf4 Nxf4 26. exf4 Bxe4 27. f3 Qxg3+ 28.
Kf1 Qxf3+ 29. Ke1 Bh4+ 30. Kd2 Qxf4+ 31. Kd1 Bf3+ 32. Kc2 Qh2+ 33. Kb3 Qg3 34.
Bc3 h5 35. d5 Rd8 36. Qxb6 Rb8 37. Ra8 Rxa8 38. Qc5 Rb8+ 39. Bb4 Bxd5+ 40. Kc2
Qb3+ 41. Kd2 Rxb4 42. Qc8+ Kh7 43. Ke2 Qf3+ 44. Kd2 Rb2+ 45. Kc1 Rh2 0-1

[Event "AUTO-INT-345"]
[Site "http://www.queenalice.com/game.php?id=168127"]
[Date "2007.2.13"]
[Round "1"]
[White "xavimg"]
[Black "maf717"]
[Result "1-0"]
[WhiteElo "1536"]
[BlackElo "1531"]

1. e4 e5 2. Nf3 Qe7 3. Bc4 h6 4. O-O a6 5. Nc3 c6 6. b3 g6 7. Bb2 Bg7 8. d4 d6
9. dxe5 dxe5 10. Qc1 Nf6 11. Ba3 c5 12. Na4 b6 13. Nxb6 Qb7 14. Nxa8 Qxa8 15.
Bxc5 Nbd7 16. Be3 Qxe4 17. Bd3 Qc6 18. Re1 O-O 19. Bxh6 e4 20. Bxg7 Kxg7 21.
Bxe4 Qb6 22. Bd3 Bb7 23. Ne5 Nxe5 24. Rxe5 Ng4 25. Re2 Rh8 26. Qb2+ Kf8 27. h3
Rh7 28. hxg4 Qc6 29. Be4 Qe6 30. Rae1 Qd6 31. g3 Bxe4 32. Rxe4 f6 33. Re8+ Kf7
34. R8e7+ Qxe7 35. Rxe7+ Kxe7 36. Qa3+ Kf7 37. Qxa6 g5 38. c4 Kg6 39. c5 Rc7 40.
b4 Rd7 41. c6 Rc7 42. b5 f5 43. Qb6 Rc8 44. a4 fxg4 45. c7+ Kf5 46. Qb7 1-0

[Event "AUTO-INT-345"]
[Site "http://www.queenalice.com/game.php?id=168128"]
[Date "2007.2.13"]
[Round "1"]
[White "maf717"]
[Black "SeekingBrightBuffalo"]
[Result "0-1"]
[WhiteElo "1516"]
[BlackElo "1449"]

1. e3 e5 2. g3 Nf6 3. h3 d5 4. Bg2 Nc6 5. Ne2 Be6 6. O-O Qd7 7. d4 Bxh3 8. a3
Bxg2 9. Kxg2 exd4 10. exd4 O-O-O 11. b4 h5 12. Bg5 Qf5 13. Bf4 g5 14. Be3 h4 15.
Nbc3 h3+ 16. Kh2 Qf3 17. Nf4 Ng4+ 0-1

[Event "AUTO-INT-345"]
[Site "http://www.queenalice.com/game.php?id=168129"]
[Date "2007.2.13"]
[Round "1"]
[White "SeekingBrightBuffalo"]
[Black "maf717"]
[Result "1-0"]
[WhiteElo "1602"]
[BlackElo "1501"]

1. d4 d5 2. Nf3 h6 3. Bf4 Nf6 4. h3 Nc6 5. e3 g6 6. Nbd2 a6 7. Bd3 Bg7 8. O-O
O-O 9. c4 dxc4 10. Nxc4 b5 11. Nce5 Nxe5 12. Nxe5 Qd5 13. b4 Bb7 14. f3 Qe6 15.
e4 Nh5 16. Bh2 a5 17. Bxb5 axb4 18. d5 Qb6+ 19. Kh1 Qxb5 20. Qc2 b3 21. Qxb3
Qxb3 22. axb3 Rxa1 23. Rxa1 Ra8 24. Rxa8+ Bxa8 25. Nd3 c6 26. e5 cxd5 27. g4 d4
28. Kg2 Nf6 29. exf6 Bxf6 30. Kf2 Bh4+ 31. Ke2 f5 32. gxf5 gxf5 33. Be5 Kf7 34.
Bxd4 Bd5 35. b4 Bc4 36. Ke3 Ke6 37. Bg7 h5 38. Nf4+ Kd6 39. Nxh5 Bg5+ 40. Kd4
Be2 41. Ng3 Bxf3 42. Nxf5+ Kd7 43. h4 Bf6+ 44. Bxf6 exf6 45. Ng3 Kc6 46. h5 Bxh5
47. Nxh5 f5 48. Kc4 Kb6 49. b5 1-0

[Event "Let's Play Chess!"]
[Site "http://www.queenalice.com/game.php?id=168843"]
[Date "2007.2.15"]
[Round "-"]
[White "efimbog"]
[Black "maf717"]
[Result "1-0"]
[WhiteElo "1500"]
[BlackElo "1440"]

1. d4 d5 2. c4 e6 3. c5 c6 4. Nf3 h6 5. Bf4 Nd7 6. e3 g6 7. Bd3 Bg7 8. Nc3 Ne7
9. O-O O-O 10. Bd6 Re8 11. Nh4 Kh7 12. Qg4 Nf6 13. Bxe7 Qxe7 14. Qg3 Nh5 15.
Bxg6+ fxg6 16. Qxg6+ Kh8 17. Qxh5 b6 18. Ng6+ Kh7 19. Nxe7 Rxe7 20. f4 bxc5 21.
dxc5 a5 22. Rf3 a4 23. Rg3 Kh8 24. Rf1 Ba6 25. Rf2 Bc4 26. f5 e5 27. f6 Bxf6 28.
Rxf6 Rh7 29. Rxh6 Ra7 30. Qxe5+ Rg7 31. Qxg7# 1-0

[Event "Let's Play Chess!"]
[Site "http://www.queenalice.com/game.php?id=170250"]
[Date "2007.2.18"]
[Round "-"]
[White "miki00"]
[Black "maf717"]
[Result "0-1"]
[WhiteElo "1482"]
[BlackElo "1516"]

1. e4 e5 2. Nf3 Qe7 3. Bc4 h6 4. O-O a6 5. d4 d6 6. dxe5 dxe5 7. h3 g6 8. Nc3 c6
9. a4 Bg7 10. a5 Nd7 11. Na4 Ngf6 12. Nc3 O-O 13. Re1 Kh7 0-1

[Event "AUTO-INT-352"]
[Site "http://www.queenalice.com/game.php?id=171027"]
[Date "2007.2.19"]
[Round "1"]
[White "mustangmike"]
[Black "maf717"]
[Result "1-0"]
[WhiteElo "1641"]
[BlackElo "1512"]

1. d4 d5 2. Nf3 h6 3. e3 g6 4. Bd3 Bg7 5. O-O Nf6 6. Nc3 O-O 7. e4 e6 8. e5 Nh5
9. b3 b6 10. Qe2 Bb7 11. Ba3 Nf4 12. Qe3 Nxg2 13. Kxg2 Re8 14. Ne2 c5 15. dxc5
bxc5 16. Bxc5 Nd7 17. Bd4 a5 18. c4 dxc4 19. Bxc4 a4 20. Nf4 Bxf3+ 21. Kxf3 axb3
22. axb3 Rxa1 23. Rxa1 Kh7 24. Ra7 Rf8 25. Qe4 Qg5 26. Rxd7 Qg1 27. Qb7 Qh1+ 28.
Ng2 Qxh2 29. Ne3 Qh3+ 30. Ke4 h5 31. Rxf7 Rxf7 32. Qxf7 Qh4+ 33. Kd3 Qg5 34.
Bxe6 Kh6 35. Bd5 Bxe5 36. Qf8+ Kh7 37. Bg8+ Kh8 38. Qf7 Bxd4 39. Qh7# 1-0

[Event "AUTO-INT-352"]
[Site "http://www.queenalice.com/game.php?id=171028"]
[Date "2007.2.19"]
[Round "1"]
[White "maf717"]
[Black "mustangmike"]
[Result "0-1"]
[WhiteElo "1512"]
[BlackElo "1681"]

1. e3 c5 2. g3 e5 3. h3 b6 4. Bg2 Nc6 5. Ne2 Nf6 6. d4 e4 7. dxc5 Bxc5 8. O-O
O-O 9. Nbc3 Qe8 10. Na4 Qe5 11. Nxc5 bxc5 12. Nf4 Ba6 13. Re1 g5 14. Nh5 Rad8
15. Rb1 Nxh5 16. Qxh5 Rde8 17. b3 Re6 18. Bb2 Qf5 19. c4 Rg6 20. Qe2 Rd8 21. g4
Qe6 22. Qd2 d5 23. Qc3 d4 24. exd4 cxd4 25. Qg3 d3 26. Rxe4 Qd7 27. Rd1 Rd6 28.
Qe3 Rg6 29. a4 Bb7 30. a5 a6 31. Ba3 Rb8 32. Rxd3 Qc7 33. Re8+ Rxe8 34. Qxe8+
Kg7 35. Bb2+ Rf6 36. Rf3 Nd4 37. Bxd4 Bxf3 38. Bxf3 Qf4 39. Bxf6+ Qxf6 40. Bg2
Qa1+ 41. Kh2 Qxa5 42. Bd5 Qc7+ 43. Kg2 h6 44. f3 a5 45. h4 gxh4 46. Kh3 Qg3# 0-1

[Event "AUTO-INT-352"]
[Site "http://www.queenalice.com/game.php?id=171053"]
[Date "2007.2.19"]
[Round "1"]
[White "walbert"]
[Black "maf717"]
[Result "1-0"]
[WhiteElo "1477"]
[BlackElo "1566"]

1. e4 e5 2. Nf3 Qe7 3. Bc4 h6 4. O-O a6 5. d3 g6 6. Be3 Bg7 7. Nc3 c6 8. b3 d6
9. a4 Nf6 10. g3 O-O 11. Qd2 Nbd7 12. d4 exd4 13. Qxd4 Ng4 14. Qd3 Nxe3 15. Qxe3
d5 16. exd5 cxd5 17. Qxe7 Bxc3 18. Rad1 dxc4 19. Rd5 Nb6 20. Rd8 Rxd8 21. Qxd8+
Kg7 22. Qxb6 cxb3 23. Qxb3 Bf6 24. c4 b5 25. axb5 axb5 26. cxb5 Rb8 27. Rb1 Be6
28. Qb4 Bf5 29. Rd1 Bc2 30. Rd7 Bf5 31. Ra7 Bh3 32. b6 Bd8 33. b7 Bc7 34. Ra8
Rxb7 35. Qxb7 Bd6 36. Qb6 Be7 37. Ne5 Bf6 38. Qd6 h5 39. Qf8+ Kh7 40. Qxf7+ Bg7
41. Qxg6# 1-0

[Event "AUTO-INT-352"]
[Site "http://www.queenalice.com/game.php?id=171054"]
[Date "2007.2.19"]
[Round "1"]
[White "maf717"]
[Black "walbert"]
[Result "0-1"]
[WhiteElo "1546"]
[BlackElo "1443"]

1. e3 d5 2. d4 Nf6 3. h3 Nc6 4. f3 Bf5 5. a3 Qd6 6. b3 O-O-O 7. Bb2 Qg3+ 8. Kd2
g6 9. Ne2 Qg5 10. g4 Be6 11. h4 Qh6 12. Bg2 g5 13. hxg5 Qxg5 14. f4 Qxg4 15. Bh3
Ne4+ 16. Kc1 Nf2 17. Bxg4 Nxd1 18. Bxe6+ fxe6 19. Rxd1 Bh6 20. Nbc3 Rhg8 21. Rh1
Rg6 22. Kd2 Rh8 23. Rad1 Bf8 24. Kc1 h5 25. Kb1 h4 26. Na4 Rg2 27. Nec3 Bg7 28.
Nc5 Nd8 29. N3a4 h3 30. e4 h2 31. exd5 exd5 32. Nc3 Bxd4 33. N5a4 Rg1 34. Rxh2
Rxh2 35. Rxg1 Bxg1 36. Nxd5 e6 37. Ne7+ Kd7 38. Ng6 b5 39. Nc3 Bd4 40. Nxb5 Bxb2
41. Kxb2 a6 42. Ne5+ Kc8 43. Ng4 Rh4 44. Nf6 Rxf4 45. Ne8 c6 46. Nbd6+ Kd7 47.
c4 e5 48. a4 Nb7 49. c5 Nxd6 50. Nxd6 e4 51. Kc2 Rf2+ 52. Kd1 e3 53. Ke1 Ke6 54.
b4 Kd5 55. a5 Rd2 56. Nf5 Ke4 57. Ng3+ Kf3 58. Nf5 Rb2 59. Kd1 e2+ 60. Ke1 Rb1+
61. Kd2 Rd1+ 62. Kc2 e1=Q 63. Nd6 Qd2+ 64. Kb3 Qd3+ 65. Ka4 Ra1# 0-1

[Event "AUTO-INT-369"]
[Site "http://www.queenalice.com/game.php?id=177141"]
[Date "2007.3.5"]
[Round "1"]
[White "aarongale"]
[Black "maf717"]
[Result "0-1"]
[WhiteElo "1598"]
[BlackElo "1546"]

1. e4 e5 2. Nf3 Qe7 3. Bc4 h6 4. Nxe5 Qxe5 5. O-O Nf6 6. f3 Qd4+ 7. Kh1 Qxc4 8.
d3 Qe6 9. Be3 Be7 10. h3 O-O 11. Nc3 Nc6 12. Re1 b6 13. Nb5 Qe5 14. Nc3 Bd6 15.
f4 Qe8 16. e5 Nxe5 17. fxe5 Qxe5 18. Bg1 Qg3 19. Bh2 Qxh2# 0-1

[Event "AUTO-INT-369"]
[Site "http://www.queenalice.com/game.php?id=177142"]
[Date "2007.3.5"]
[Round "1"]
[White "maf717"]
[Black "aarongale"]
[Result "0-1"]
[WhiteElo "1546"]
[BlackElo "1645"]

1. e3 g6 2. g3 Bg7 3. h3 e5 4. Bg2 d5 5. Ne2 e4 6. O-O Be6 7. d3 exd3 8. cxd3 c6
9. Nbc3 Na6 10. a3 Qb6 11. Na4 Qc7 12. Nf4 b5 13. Nxe6 fxe6 14. Nc3 O-O-O 15.
Qg4 Kd7 16. e4 Nf6 17. Qe2 Rhe8 18. exd5 exd5 19. Qd2 Nc5 20. Qg5 Nxd3 21. Be3
Nxb2 22. Bf4 Qa5 23. Bd2 Nc4 24. Ne4 Qc7 25. Nc5+ Kc8 26. Na6 Qb6 27. Nb4 a5 28.
Nc2 Ne4 29. Bf4 Nxg5 30. Bxg5 Rd7 31. a4 b4 32. Rad1 Bc3 33. Ne3 Nb2 34. Rc1
Nxa4 35. Ng4 Rf7 36. Nh6 Rd7 37. Kh2 c5 38. Rc2 d4 39. Ra2 b3 40. Ra3 Qb4 41.
Rxa4 Qxa4 42. Bf4 b2 43. Rb1 Re1 44. Rxb2 Bxb2 45. Ng8 h5 46. h4 Qc2 47. Nf6 Rf7
48. Ne4 Rxe4 49. Bxe4 Qxe4 0-1

[Event "AUTO-INT-369"]
[Site "http://www.queenalice.com/game.php?id=177155"]
[Date "2007.3.5"]
[Round "1"]
[White "Mayaune"]
[Black "maf717"]
[Result "1/2-1/2"]
[WhiteElo "1616"]
[BlackElo "1564"]

1. e4 e5 2. Nf3 Qe7 3. Bc4 h6 4. O-O a6 5. d4 d6 6. dxe5 dxe5 7. Be3 g6 8. Qd3
Bg7 9. Rd1 Nd7 10. Nc3 Ngf6 11. Bb3 O-O 12. Nd5 Nxd5 13. Qxd5 c6 14. Qd6 Qxd6
15. Rxd6 c5 16. Nh4 Kh7 17. Rad1 b5 18. a3 c4 19. Ba2 a5 20. Rxd7 Bxd7 21. Rxd7
Rad8 22. Rxd8 Rxd8 23. Kf1 g5 24. Nf5 Bf6 25. g4 Kg6 26. Ke2 h5 27. c3 hxg4 28.
Ng3 Be7 29. Bb6 Ra8 30. Nf5 Bf8 31. Bb1 b4 32. Ba2 bxc3 33. bxc3 Bxa3 34. Bxc4
Bb2 35. Bd5 Ra6 36. Ne7+ Kf6 37. Nc8 Bxc3 38. Bb7 Rxb6 39. Nxb6 Bd4 40. Bc8 Bxb6
41. Bxg4 a4 42. Kd2 a3 43. Kc2 Bxf2 44. Kb3 Bc5 45. Ka2 Kg6 46. h3 Kf6 47. Bf5
1/2-1/2

[Event "AUTO-INT-369"]
[Site "http://www.queenalice.com/game.php?id=177156"]
[Date "2007.3.5"]
[Round "1"]
[White "maf717"]
[Black "Mayaune"]
[Result "0-1"]
[WhiteElo "1531"]
[BlackElo "1427"]

1. e3 e5 2. g3 c6 3. h3 Bc5 4. Bg2 Nf6 5. Ne2 O-O 6. d4 exd4 7. exd4 Bb6 8. O-O
d5 9. a3 Ne4 10. Nbc3 Re8 11. Nxe4 dxe4 12. b4 Bf5 13. c4 c5 14. bxc5 Bc7 15. d5
Be5 16. Ra2 Nd7 17. c6 Nc5 18. cxb7 Nxb7 19. a4 a5 20. Qb3 Rb8 21. Qe3 Qd6 22.
Ba3 Qh6 23. Qxh6 gxh6 24. c5 Rbc8 25. c6 Nd8 26. Bb2 Bxb2 27. Rxb2 Re5 28. Nf4
Nxc6 29. dxc6 Rxc6 30. Rb8+ Kg7 31. Nh5+ Kg6 32. g4 Bc8 33. Nf4+ Kf6 34. Nd3 Rc3
35. Nxe5 Kxe5 36. Rb5+ Kd4 37. Rxa5 Rc4 38. Rd1+ Kc3 39. Ra8 Be6 40. a5 Ra4 41.
a6 Kc2 42. Rf1 Bd5 43. Rc8+ Kd2 44. Rh8 Rxa6 45. Rxh7 Rg6 46. Ra1 Ke2 47. Ra5
Be6 48. Bxe4 f5 49. Ra2+ Bxa2 50. Ba8 fxg4 51. hxg4 Rxg4+ 52. Kh2 Rh4+ 53. Kg3
Rh5 54. Kg4 Rh1 55. Bxh1 Kxf2 56. Rxh6 Bb1 57. Rh3 Kg1 58. Ba8 Kf2 59. Rf3+ Ke2
60. Kg3 Bd3 61. Kf4 Kd2 62. Ke5 Be2 63. Ra3 Bh5 64. Kd4 Bf7 65. Bd5 Bg6 66. Ra2+
Kc1 67. Be4 Bf7 68. Rh2 Bb3 69. Kc3 Ba4 70. Bc6 Bxc6 71. Rg2 Bxg2 72. Kd3 Bc6
0-1

[Event "AUTO-INT-369"]
[Site "http://www.queenalice.com/game.php?id=177165"]
[Date "2007.3.5"]
[Round "1"]
[White "maf717"]
[Black "SGrillo"]
[Result "1-0"]
[WhiteElo "1496"]
[BlackElo "1676"]

1. e3 e5 2. g3 e4 3. h3 d5 4. Ne2 c6 5. Bg2 Bd6 6. O-O Nf6 7. a3 O-O 8. Nbc3 Na6
9. b4 Nc7 10. Bb2 Be5 11. d3 exd3 12. cxd3 Nb5 13. Na4 Bxb2 14. Nxb2 a6 15. a4
Nd6 16. Nf4 Nd7 17. e4 dxe4 18. dxe4 Ne5 19. Nh5 g6 20. Nf4 Re8 21. b5 axb5 22.
axb5 Rxa1 23. Qxa1 Nxb5 24. Na4 Be6 25. Qxe5 Bb3 26. Qa1 Bxa4 27. Qxa4 Qg5 28.
h4 Qc5 29. Bh3 Rxe4 30. Kg2 Nc3 31. Qa8+ Kg7 32. Qxb7 Ne2 33. Nxe2 Rxe2 34. Bg4
Qd5+ 35. Bf3 Rxf2+ 36. Rxf2 Qe6 37. Bxc6 1-0

[Event "AUTO-INT-369"]
[Site "http://www.queenalice.com/game.php?id=177166"]
[Date "2007.3.5"]
[Round "1"]
[White "SGrillo"]
[Black "maf717"]
[Result "1/2-1/2"]
[WhiteElo "1705"]
[BlackElo "1487"]

1. e4 e5 2. Nf3 Qe7 3. Bc4 h6 4. O-O a6 5. Re1 g6 6. b3 Bg7 7. Bb2 d6 8. h3 Nf6
9. d3 O-O 10. Nc3 Nbd7 11. Nd5 Nxd5 12. Bxd5 c6 13. Bc4 b5 14. Bxf7+ Qxf7 15.
Nh2 Qxf2+ 16. Kh1 Qg3 17. Rf1 Rxf1+ 18. Qxf1 Nf6 19. Qf3 Qxf3 20. Nxf3 Nh5 21.
Kh2 a5 22. Ba3 b4 23. Bc1 d5 24. Bb2 d4 25. Bc1 a4 26. Bb2 axb3 27. axb3 Rxa1
28. Bxa1 Nf4 29. Ng1 Ne6 30. Bb2 g5 31. Bc1 Ba6 32. Ne2 c5 33. Ng3 Nc7 34. Nf5
Nb5 35. Kg3 1/2-1/2

[Event "AUTO-OPEN-579"]
[Site "http://www.queenalice.com/game.php?id=177190"]
[Date "2007.3.5"]
[Round "1"]
[White "Mayaune"]
[Black "maf717"]
[Result "0-1"]
[WhiteElo "1518"]
[BlackElo "1530"]

1. e4 e5 2. Nf3 Qe7 3. c3 a6 4. Bc4 h6 5. O-O g6 6. Re1 Bg7 7. d4 d6 8. d5 Nf6
9. Qd3 O-O 10. Be3 c6 11. dxc6 bxc6 12. Bb3 Nbd7 13. Nbd2 a5 14. Nc4 Ba6 15.
Qxd6 Qxd6 16. Nxd6 Kh7 17. Nxf7 Nxe4 18. Nxh6 Bxh6 19. Bxh6 Kxh6 20. Rxe4 g5 21.
Rxe5 Nxe5 22. Nxe5 Rf5 23. Nxc6 Raf8 24. f3 g4 25. Nd4 Re5 26. Kf2 gxf3 27. g3
Kh5 28. Bc2 Kg4 29. Re1 Rxe1 30. Bf5+ Rxf5 31. Kxe1 f2+ 0-1

[Event "AUTO-OPEN-579"]
[Site "http://www.queenalice.com/game.php?id=177191"]
[Date "2007.3.5"]
[Round "1"]
[White "maf717"]
[Black "Mayaune"]
[Result "1-0"]
[WhiteElo "1515"]
[BlackElo "1484"]

1. e3 e5 2. g3 c6 3. h3 Bc5 4. Bg2 Qf6 5. Ne2 d5 6. O-O Ne7 7. d4 exd4 8. exd4
Bb6 9. a3 Nf5 10. Nf4 Nxd4 11. c3 Nf5 12. Re1+ Be6 13. Nxe6 fxe6 14. Bxd5 Nxg3
15. Rxe6+ 1-0

[Event "AUTO-OPEN-579"]
[Site "http://www.queenalice.com/game.php?id=177218"]
[Date "2007.3.5"]
[Round "1"]
[White "maf717"]
[Black "mafbueno"]
[Result "0-1"]
[WhiteElo "1489"]
[BlackElo "1930"]

1. e3 e5 2. g3 d5 3. h3 Nc6 4. Bg2 Nf6 5. Ne2 Bd6 6. O-O O-O 7. d4 exd4 8. exd4
Be6 9. a3 Qd7 10. Nbc3 Bxh3 11. b4 Bxg2 12. Kxg2 Rae8 13. Nb5 a6 14. Nxd6 Qxd6
15. Bf4 Qd7 16. Rh1 Re4 17. b5 axb5 18. Nc3 Rxd4 19. Qe1 Re8 20. Qf1 Rc4 21.
Nxb5 Rxf4 22. gxf4 Qg4+ 23. Kh2 Qxf4+ 24. Kh3 Qg4+ 25. Kh2 Re2 26. Rg1 Qh4+ 27.
Kg2 Nh5 28. Kf3 Qe4# 0-1

[Event "AUTO-OPEN-579"]
[Site "http://www.queenalice.com/game.php?id=177219"]
[Date "2007.3.5"]
[Round "1"]
[White "mafbueno"]
[Black "maf717"]
[Result "1-0"]
[WhiteElo "1928"]
[BlackElo "1519"]

1. b3 e6 2. Bb2 Nc6 3. g3 Nf6 4. Bg2 g6 5. e4 Bg7 6. e5 Nh5 7. d4 d6 8. Nf3 d5
9. O-O O-O 10. Nbd2 b6 11. c4 dxc4 12. Nxc4 Ba6 13. Re1 Nb4 14. a3 c5 15. axb4
Bxc4 16. bxc4 cxb4 17. Nd2 Rb8 18. Rxa7 b5 19. cxb5 Qb6 20. Qa4 b3 21. Bc6 h6
22. Nc4 Qd8 23. Rd7 Qg5 24. Qxb3 Nf4 25. Qf3 Nh3+ 26. Kg2 Nxf2 27. Qxf2 h5 28.
Bc1 Qg4 29. h3 Qf5 30. Qxf5 exf5 31. d5 Kh7 32. e6 fxe6 33. Rxe6 f4 34. Bxf4 h4
35. Bxb8 hxg3 36. Be5 1-0

[Event "AUTO-OPEN-579"]
[Site "http://www.queenalice.com/game.php?id=177220"]
[Date "2007.3.5"]
[Round "1"]
[White "maf717"]
[Black "wolframwuttkefussballgott"]
[Result "1-0"]
[WhiteElo "1530"]
[BlackElo "1175"]

1. e3 c5 2. g3 g6 3. Bg2 d5 4. h3 f5 5. Ne2 Bg7 6. O-O b6 7. d4 Bb7 8. dxc5 bxc5
9. Nbc3 e6 10. a3 a5 11. b3 1-0

[Event "AUTO-OPEN-579"]
[Site "http://www.queenalice.com/game.php?id=177221"]
[Date "2007.3.5"]
[Round "1"]
[White "wolframwuttkefussballgott"]
[Black "maf717"]
[Result "0-1"]
[WhiteElo "1173"]
[BlackElo "1532"]

1. e4 e5 2. Nf3 Qe7 3. b3 h6 4. Bb2 d6 5. d4 Nd7 6. c3 g6 7. d5 Bg7 8. c4 Ngf6
9. Nbd2 O-O 10. b4 c6 11. Nb3 Nxe4 12. Bd3 cxd5 13. cxd5 Ng5 0-1